Advanced Financial Accounting. (Record no. 5593)

MARC details
005 - DATE AND TIME OF LATEST TRANSACTION
control field 20250627104013.0
020 ## - INTERNATIONAL STANDARD BOOK NUMBER
International Standard Book Number 0-07-286632-2
082 ## - DEWEY DECIMAL CLASSIFICATION NUMBER
Classification number 657.046 BAK
100 ## - MAIN ENTRY--PERSONAL NAME
Author name BAKER, R. E.
245 ## - TITLE STATEMENT
Title Advanced Financial Accounting.
250 ## - EDITION STATEMENT
Edition statement 6th Ed.
260 ## - PUBLICATION, DISTRIBUTION, ETC.
Place of publication, distribution, etc. New York,
Name of publisher, distributor, etc. McGraw Hill,
Date of publication, distribution, etc. 2005.
300 ## - PHYSICAL DESCRIPTION
Extent xxvi, 1142p.: ill.; figure
Other physical details INdex
Dimensions 29cm
700 ## - ADDED ENTRY--PERSONAL NAME
Other authors/Editors LEMBKE, V. C. [...et al...]
942 ## - ADDED ENTRY ELEMENTS (KOHA)
Source of classification or shelving scheme Dewey Decimal Classification
Koha item type Books
Holdings
Date last seen Total checkouts Full call number Barcode Cost, replacement price Price effective from Koha item type Lost status Source of classification or shelving scheme Damaged status Not for loan Withdrawn status Home library Current library Shelving location Date acquired Cost, normal purchase price
06/27/2025   657.046 BAK DOM000474 150000.00 06/27/2025 Books   Dewey Decimal Classification       CBE Dodoma CBE Dodoma General Collection 06/18/2008 50000.00
06/27/2025   657.046 BAK DOM000382 150000.00 06/27/2025 Books   Dewey Decimal Classification       CBE Dodoma CBE Dodoma General Collection 06/18/2008 50000.00
06/27/2025   657.046 BAK DOM000305 150000.00 06/27/2025 Books   Dewey Decimal Classification       CBE Dodoma CBE Dodoma General Collection 06/18/2008 50000.00